000 00410nam a22001577a 4500
005 20251108171804.0
008 250721s1984 xx 000 0 ara d
082 1 4 _aط/614.77/نجو
100 1 _aسبع العيش، نجود
245 1 0 _aتلوث الماء /
264 1 _aعمان :
_bدار الفرقان،
_c1984.
300 _a39ص
650 1 7 _aالتلوث
942 _2ddc
_cBK
999 _c62561
_d62561